Influence of adjuvants on the surface tension, deposition and effectiveness of herbicides on fleabane plants (Registro n. 5047)
[ somente texto ]
| 000 -LÍDER | |
|---|---|
| fixed length control field | 04342nab a2200289 i 4500 |
| 003 - CÓDIGO MARC DA AGÊNCIA CATALOGADORA | |
| Campo de controle | BR-BrBNA |
| 005 - DATA E HORA DA ÚLTIMA ATUALIZAÇÃO | |
| Campo de controle | 20230831124608.0 |
| 008 - CAMPO DE TAMANHO FIXO | |
| fixed length control field | 230417b2018 bl.ar|pooa||| 00| 0 eng | |
| 040 ## - FONTE DA CATALOGAÇÃO | |
| Agência catalogadora | BR-BrBNA |
| Idioma da catalogação | eng |
| 072 ## - CATEGORIA AGRIS | |
| Código AGRIS | H60 |
| 100 ## - ENTRADA PRINCIPAL - NOME PESSOAL | |
| Nome pessoal | Castro, E.B. |
| 100 ## - ENTRADA PRINCIPAL - NOME PESSOAL | |
| Nome pessoal | Carbonari, C.A. |
| 100 ## - ENTRADA PRINCIPAL - NOME PESSOAL | |
| Nome pessoal | Velini, E.D. |
| 100 ## - ENTRADA PRINCIPAL - NOME PESSOAL | |
| Nome pessoal | Gomes, G.L.G.C. |
| 100 ## - ENTRADA PRINCIPAL - NOME PESSOAL | |
| Nome pessoal | Belapart, D. |
| 245 ## - TÍTULO PRINCIPAL | |
| Título principal | Influence of adjuvants on the surface tension, deposition and effectiveness of herbicides on fleabane plants |
| 500 ## - NOTA GERAL | |
| Nota geral | Publicação on-line; 25 ref.; 4 tables; 1 illus.; Summaries (En, Pt) |
| 942 ## - ADDED ENTRY ELEMENTS (KOHA) | |
| Koha item type | |
| 520 ## - NOTA DE RESUMO | |
| Nota de conteúdo | <br/><br/>ABSTRACT - The use of herbicides is widespread in weed management, and<br/>adjuvants are added to the spray solution to improve the effectiveness of applications.<br/>The goal was to evaluate the influence of adjuvants added to the herbicides<br/>saflufenacil and glyphosate, isolated or in combination, and the effects on the surface<br/>tension, deposition and effectiveness in post-emergence applications to control<br/>Conyza sumatrensis. Experiments were conducted completely randomized<br/>experimental design to evaluate surface tension (TS), deposition and herbicide<br/>effectiveness. The treatments were glyphosate, glyphosate + saflufenacil and<br/>saflufenacil with or without the adjuvants Natur’al óleo®, Assist®, Aterbane®, Sillwet<br/>L-77 and Dash HC® (surface tension). For the experiments about mixture deposition<br/>and herbicide effectiveness, the factorial scheme 3 x 5 was adopted in the experiment<br/>performed in April, where factor A corresponded to the combination of the herbicieds<br/>glyphosate, saflufenacil and glyphosate + saflufenacil, and factor B was the addition<br/>of the adjuvants Natur’al óleo®, Assist®, Aterbane®, Sillwet L-77. For experiments<br/>conducted in November, the adjuvant Dash HC® was added, and the 3x6 factorial<br/>design was adopted. The adjuvants reduced the ST of the herbicide mixture, and<br/>Silwet L-77® was the most effective one. However, the ST reduction did not influence<br/>the mixture deposition on C. sumatrensis plants. The use of adjuvants did not result<br/>in an effective control for the applications with sole glyphosate.<br/><br/>Keywords: Conyza sumatrensis, glyphosate, saflufenacil, surfactants.<br/> |
| 520 ## - NOTA DE RESUMO | |
| Nota de conteúdo | <br/><br/>RESUMO - O uso de herbicidas é amplamente difundido no manejo de plantas<br/>daninhas, e os adjuvantes são acrescentados à calda de pulverização para<br/>melhorar a eficiência das aplicações. Assim, objetivou-se neste estudo avaliar a<br/>influência dos adjuvantes em adição aos herbicidas saflufenacil e glyphosate<br/>isolados ou em mistura, bem como os efeitos na tensão superficial, deposição e<br/>eficiência em aplicações em pós-emergência para o controle de Conyza sumatrensis.<br/>Foram realizados experimentos em delineamento experimental inteiramente<br/>casualizado, para avaliar a tensão superficial (TS), deposição e eficiência dos<br/>herbicidas. Os tratamentos utilizados foram glyphosate, glyphosate + saflufenacil<br/>e saflufenacil, com ou sem os adjuvantes. Para os experimentos de deposição das<br/>caldas e eficácia dos herbicidas, adotou-se esquema fatorial 3 x 5 no experimento<br/>realizado em abril, em que o fator A correspondeu à combinação entre os herbicidas<br/>glyphosate, saflufenacil e glyphosate + saflufenacil, e o fator B, à adição dos<br/>adjuvantes Natur’al óleo®, Assist®, Aterbane® e Silwet L-77®. No experimento<br/>realizado em novembro, o adjuvante Dash HC® foi adicionado e adotou-se um<br/>esquema fatorial 3 x 6. Os adjuvantes reduziram a TS das caldas dos herbicidas,<br/>sendo o Silwet L-77® o mais eficiente. Contudo a redução da TS não influenciou na deposição das<br/>caldas sobre as plantas de C. sumatrensis. O uso de adjuvantes não resultou em controle eficiente para<br/>as aplicações apenas com glyphosate.<br/><br/>Palavras-chave: Conyza sumatrensis, glyphosate, saflufenacil, surfatantes. |
| 650 ## - ASSUNTO - THESAGRO | |
| Cabeçalho tópico ou nome geográfico | HERBICIDA |
| 650 ## - ASSUNTO - THESAGRO | |
| Cabeçalho tópico ou nome geográfico | ERVA DANINHA |
| 650 ## - ASSUNTO - THESAGRO | |
| Cabeçalho tópico ou nome geográfico | CONTROLE QUÍMICO |
| 773 0# - ENTRADA ANALÍTICA | |
| Host Biblionumber | 886 |
| Registro do item | 1815 |
| Imprenta | Londrina-PR : Sociedade Brasileira da Ciência das Plantas Daninhas, 1978 |
| Outro identificador | 2023-031022 |
| Título | Planta Daninha (Brazil) |
| ISSN | 0100-8358; 1806-9681 (on-line) |
| Colação | v. 36 p. 1-9; (2018) |
| Número de controle de registro | BR2023000067 |
| 856 ## - ACESSO E ENDEREÇO ELETRÔNICO | |
| Identificador uniforme de recurso - URI | https://www.scielo.br/j/pd/a/zYgZTmFYdPtCYBfN4NJrHDp/?format=pdf&lang=en |
Nenhum exemplar disponível.

BINAGRI